Embarazo precoz y maternidad adolescente: intervenciones institucionales [monografía] /

Guardado en:
Autor Principal: Consejo Nacional De La Mujer Argentina
Formato: Libro
Publicado: Buenos Aires : Consejo Nacional de la Mujer, 1998
Materias:
Fc
Etiquetas: Agregar Etiqueta
Sin Etiquetas, Sea el primero en etiquetar este registro!
LEADER 00736nam a22002175a 4500
001 CEM.cems010143
005 20060214000000.0
008 130507s1998##################000#0#####d
003 CEMS
082 0 4 |a F364 
100 1 |a Consejo Nacional De La Mujer Argentina 
245 1 0 |a Embarazo precoz y maternidad adolescente: intervenciones institucionales [monografía] / 
260 |a Buenos Aires :  |b Consejo Nacional de la Mujer,  |c 1998 
300 |a 68 p. 
505 0 |a Parte 1: Aspectos te¢ricos. Parte 2: Aspectos Sociales y educativos.- 
653 |a Adolescencia-maternidad 
653 |a Educacion 
653 |a Embarazo precoz 
653 |a Fc 
653 |a Maternidad adolescente 
859 |a CEMS  |b BIB. CEMS - 11 de abril  |h F364  |i 5  |p 1640.44  |t Ej.1